000 00399nam a2200157Ia 4500
008 210716s1986 xx 000 0 und d
020 _a818509599X
041 _aeng
082 _a005.133 TIZK
100 _aTizzard, Keith.
245 _aC for professional programmers.
250 _a1
260 _aNew Delhi
_bAffiliated East- West Press Ltd
_c1986
300 _a211
650 _aC Programming
999 _c181212
_d181212